World History The Human Experience : The Early Ages / (رقم التسجيلة. 109542)

تفاصيل مارك
000 -LEADER
fixed length control field 00510nam a22001937a 4500
005 - DATE AND TIME OF LATEST TRANSACTION
control field 20251108173653.0
008 - FIXED-LENGTH DATA ELEMENTS--GENERAL INFORMATION
fixed length control field 250721s9999 xx 000 0 eng d
020 ## - INTERNATIONAL STANDARD BOOK NUMBER
International Standard Book Number 26641518
082 14 - DEWEY DECIMAL CLASSIFICATION NUMBER
Classification number R/032/WOR
100 1# - MAIN ENTRY--PERSONAL NAME
Personal name Farah, Mounir A.
245 10 - TITLE STATEMENT
Title World History The Human Experience : The Early Ages /
264 1# - PRODUCTION, PUBLICATION, DISTRIBUTION, MANUFACTURE, AND COPYRIGHT NOTICE
Place of production, publication, distribution, manufacture New York :
Name of producer, publisher, distributor, manufacturer Glencoe Mc Graw-hill,
300 ## - PHYSICAL DESCRIPTION
Extent 605P.
650 17 - SUBJECT ADDED ENTRY--TOPICAL TERM
Topical term or geographic name as entry element WORLD HISTORY
650 17 - SUBJECT ADDED ENTRY--TOPICAL TERM
Topical term or geographic name as entry element ENCYCLOPEDIA
700 1# - ADDED ENTRY--PERSONAL NAME
Personal name Karls, Andrea Berens
942 ## - ADDED ENTRY ELEMENTS (KOHA)
Source of classification or shelving scheme Dewey Decimal Classification
Koha item type مراجع
المقتنيات
حالة السحب حالة الفقدان مصدر التصنيف حالة التلف غير قابل للإعارة المكتبة الرئيسية المكتبة الحالية موقع الرف تاريخ التزويد الرقم المتسلسل Total Checkouts رقم الإستدعاء الباركود تاريخ آخر ظهور تاريخ الفاتورة نوع المادة (كوها)
    Dewey Decimal Classification   Not For Loan المكتبة المركزية المكتبة المركزية مراجع 28/07/2025 1136543   R/032/WOR PLD00007837 28/07/2025 28/07/2025 مراجع
    Dewey Decimal Classification   Not For Loan المكتبة المركزية المكتبة المركزية مقيد 10/05/2010 1377651   R/032/WOR PLD00146892 28/07/2025 10/05/2010 مراجع
Implemented & Customized by: BBB with SCIT (Smart Chains for Information Technology)

Powered by Koha